• 首页
  • 本馆介绍
  • 公告通知
  • 最新文献
  • 馆藏检索
  • 电子资源
  • 读者导购
  • 参考咨询
  • 我的图书馆
  • 登录
  • 详细信息显示
  • 放入我的书架
  • 预约/预借图书
  • 作者相关作品
  • 分类相关作品
  • 丛书相关作品
  • 出版社相关作品

书目信息

  • 表格格式
  • 工作单格式
  • 卡片格式
书名: Tone =
作者: Moira Yip
分册号:
分册名:
出版地: Beijng :
 
出版社: Peking University Press
出版时间: 2005.
页数: xxxiv, 341 p. :
开本: 24 cm.
丛书名: Cambridge textbooks in linguistics
中图分类号:
科图分类号:
其他分类号: H014
主题词:
电子资源:
000 01331nam 2200373 a 4500
001 E0737581415
004 001192454
004 001192454
005 20070702102852.48
008 4001uueng0000000
008 4001uueng0000000
008 001 0 eng
010    @a2002073726
020    @a7301079923 :@cCNY38.00.
040    @aCcBjTSG @bchi
041    @aeng@bchi
050 00 @aP223 @b.Y56 2002
082 00 @a414/.6 @221
090    @aH014
099    @dH014@ex101
100 1  @aYip, Moira Jean Winsland.
245 10 @aTone = :@b声调 / @cMoira Yip
246 31 @a声调
250    @a影印版.
260    @aBeijng :@bPeking University Press,@c2005.
300    @axxxiv, 341 p. :@bill., maps ;@c24 cm.
440  0 @aCambridge textbooks in linguistics
504    @aIncludes bibliographical references (p. 311-334) and indexes.
534    @pReprint. Originally published: @cCambridge : Cambridge University Press, 2002, @z0521773148.
650  0 @aTone (Phonetics)
650  0 @aOptimality theory (Linguistics) @b01 @c20050705 @lNLC09 @h1646 @b40 @c20050711 @lNLC09 @h1744 @b40 @c20050718 @lNLC09 @h1421 @b40 @c20050718 @lNLC09 @h1422 @b40 @c20050718 @lNLC09 @h1422 @b40 @c20050718 @lNLC09 @h1430
700    @aYip,Moira
852 0  @bWWDY @k2-2005 @hH014 @iY51
852 0  @bWWJC @cJ09 @k2-2005 @hH014 @iY51
    
    Tone = : : 声调 / / Moira Yip.-影印版.-Beijng : : Peking University Press, , 2005.
    xxxiv, 341 p. : : ill., maps ; ; 24 cm.- (Cambridge textbooks in linguistics )
    Includes bibliographical references (p. 311-334) and indexes.
    
    ISBN 7301079923 :CNY38.00.
    
●
相关链接 在E读中查询图书 在五车中查询图书 在当当中查询图书 在豆瓣中查询图书


正题名:Tone =     索取号:H014/x101         预约/预借

序号 登录号 条形码 馆藏地/架位号 状态 备注
1 12249   300122490   第二样本阅览室/ [索取号:H014/x101] 在馆    
2 12250   300122506   第四借阅区/ [索取号:H014/x101] 在馆    
3 12251   300122515   第四借阅区/ [索取号:H014/x101] 在馆    
4 12252   300122524   第四借阅区/ [索取号:H014/x101] 在馆    
5 12253   300122533   第四借阅区/ [索取号:H014/x101] 在馆    
6 12254   300122542   第四借阅区/ [索取号:H014/x101] 在馆    
7 12255   300122551   第四借阅区/ [索取号:H014/x101] 在馆    
8 12256   300122560   第四借阅区/ [索取号:H014/x101] 在馆    
唐山师范学院图书馆 欢迎您!
大连网信软件有限公司© 版权所有